| 000 | 00667nam a22001457a 4500 | ||
|---|---|---|---|
| 003 | OSt | ||
| 005 | 20151006135409.0 | ||
| 008 | 151006b xxu||||| |||| 00| 0 eng d | ||
| 040 | _cRUA | ||
| 100 |
_92161 _aSAN, PISITH. |
||
| 245 | _aEpidimiology of Fasciolosis in cattle in Sa Ang district Kandal province, ការសិក្សាអំពីកំរិតរាលដាលដាលនៃជំងឺដែលបង្ករដោយព្រូនហ្វាស្យូឡា ចំពោះគោនៅស្រុកស្អាង ខេត្តកណ្តាល | ||
| 260 |
_aPhnom Penh _bRUA _c2000 |
||
| 300 |
_aix; 31p. _bill. _c29cm. |
||
| 942 |
_2ddc _cAVM |
||
| 999 |
_c2031 _d2031 |
||